Overselling should lead to revearsal of this year's yield correction in 2009 (Record no. 80216)
[ view plain ]
| 000 -LEADER | |
|---|---|
| fixed length control field | 01186cab a22001935a 4500 |
| 001 - CONTROL NUMBER | |
| control field | L142991 |
| 008 - FIXED-LENGTH DATA ELEMENTS--GENERAL INFORMATION | |
| fixed length control field | 080117s2008 xxkad f s 000 0 eng d |
| 035 ## - SYSTEM CONTROL NUMBER | |
| System control number | (Sirsi) u143559 |
| 041 0# - LANGUAGE CODE | |
| Language code of text/sound track or separate title | eng |
| 100 1# - MAIN ENTRY--PERSONAL NAME | |
| Personal name | Wylie, David |
| 245 00 - TITLE STATEMENT | |
| Title | Overselling should lead to revearsal of this year's yield correction in 2009 |
| 260 ## - PUBLICATION, DISTRIBUTION, ETC. | |
| Date of publication, distribution, etc. | 2008 |
| 490 #0 - SERIES STATEMENT | |
| Series statement | Property Forecast |
| Volume/sequential designation | 11(2) February 2008, 6-7(2) |
| 520 ## - SUMMARY, ETC. | |
| Summary, etc. | Assesses the prospects for the UK commercial property market from 2008 onwards. Argues that the pre-financial crisis market, especially the rise in property values in the five previous years, was an unsustainable market environment. Concludes that the high performance of the property market over the last five years was very much an aberration caused by unusually high capital market liquidity and excessive credit creation. Forecasts that income and capital growth will be reversed, with capital growth much less than rental growth. However, the author does not expect to see falls in rental values of the same size as in the early 1990?s. |
| 590 ## - LOCAL NOTE (RLIN) | |
| Local note | KA |
| 651 #4 - SUBJECT ADDED ENTRY--GEOGRAPHIC NAME | |
| Geographic name | United Kingdom |
| Chronological subdivision | |
| 690 ## - LOCAL SUBJECT ADDED ENTRY--TOPICAL TERM (OCLC, RLIN) | |
| Topical term or geographic name as entry element | PROPERTY-COMMERCIAL PROPERTY-COMMERCIAL PROPERTY MARKET |
| 942 ## - ADDED ENTRY ELEMENTS (KOHA) | |
| Suppress in OPAC | 0 |
| Withdrawn status | Lost status | Source of classification or shelving scheme | Damaged status | Not for loan | Home library | Current library | Shelving location | Date acquired | Total Checkouts | Full call number | Barcode | Date last seen | Copy number | Price effective from | Koha item type |
|---|---|---|---|---|---|---|---|---|---|---|---|---|---|---|---|
| Dewey Decimal Classification | London | London | Journal article | 19/05/2008 | L143559 | 143559-1001 | 06/08/2019 | 1 | 06/08/2019 | Journal article |